Score 0/19 Timer 06:00
0 Plays Today
Actor Character % Correct
Ben SavageCory Matthews
97.2%
Will FriedleEric Matthews
90.7%
Rider StrongShawn Hunter
89.3%
Danielle FishelTopanga Lawrence
83.9%
Betsy RandleAmy Matthews
74.5%
William RussAlan Matthews
72.4%
William DanielsGeorge Feeny
70.5%
Lindsay Ridgeway/Lily NicksayMorgan Matthews
69.1%
Matthew LawrenceJack Hunter
68.7%
Anthony Tyler Quinn Jonathan Turner
41.8%
Actor Character % Correct
Lee NorrisMinkus
40.7%
Trina McGeeAngela Moore
35.4%
Blake ClarkChet Hunter
33.5%
Maitland WardRachel McGuire
33.3%
Jennifer Love HewittJennifer Love Fefferman
32.9%
Jason MarsdenJason Marsden
22.2%
Danny McNultyHarley Keiner
21.7%
Ethan SupleeFrankie Stechino
19.2%
Alex DesertEli Williams
15.8%
Remove Ads.
Support Sporcle.
Get the best of Sporcle when you Go Orange. This ad-free experience offers more features, more stats, and more fun while also helping to support Sporcle. Thank you for becoming a member.

You're not logged in!

Compare scores with friends on all Sporcle quizzes.
OR
Log In

Show Comments

Extras

Top Quizzes Today


Score Distribution

Your Account Isn't Verified!

In order to create a playlist on Sporcle, you need to verify the email address you used during registration. Go to your Sporcle Settings to finish the process.

Report this User

Report this user for behavior that violates our Community Guidelines.

Details: